000
00455nam a2200145Ia 4500
008
151213s9999 xx 000 0 und d
100
_a
সুলতানা হক ।
245
_a
দেশ কাল
_c
সুলতানা হক ।
260
_a
ঢাকা।
_b
বই পত্র।
_c
1987
300
_a
8670 p.
650
_a
Bangla
650
_a
গল্প গ্রন্থ।
700
_a
সুলতানা হক ।
999
_c
4456
_d
4456